000
00325nam a2200133Ia 4500
005
20260328104311.0
008
260328s9999||||xx |||||||||||||| ||und||
100
_a
Davis, Mary
245
0
_a
Aztecs :
_b
Reign Of Blood & Splendor /
_c
Mary Davis
260
_b
Time Life
300
_a
164 p.
650
_a
AZTECA
942
_c
REF
999
_c
10979
_d
10979